000
00314nam a2200121Ia 4500
008
190722s9999 xx 000 0 und d
020
_a
978-0-415-19108-1
100
_a
Matt Jarvis
245
0
_a
Theoretical Approaches in Psychology
260
_a
london
_b
Taylor and Francis INC
_c
2000
300
_a
223
942
_c
BK
999
_c
738
_d
738